Statystyki dla Top Kanały W Polsce Według Subskrypcji

Kliknij tutaj aby rozwiązać quiz!

Ogólne statystyki

  • Ten quiz został rozwiązany 22 razy
  • Średni wynik to 7 z 47

Statystyki odpowiedzi

PodpoweidżYoutuber% Poprawnych
EkipaFriz
72%
Bajki Dla DzieciBazzyland
56%
Kupuje Rzeczy Z Reklam Z TikTokaBlowek
56%
Team XStuu
44%
Dziewczyna FrizaWERSOW
44%
Ciumkaj SmoczkiNaruciak
39%
Pochodzi Ze ŚląśkaRezi
39%
Łuk Na Minecraft 1.8 + WojanowiceWojan
28%
Otwierani Skrzyń Na KeyDropIsamu
22%
Rap Z 3m SubskrypcjiSBM Label
22%
5 Life-Hacków5 Sposobów Na
17%
Izak Liveizak LIVE
17%
Król Julian Gra W MinecraftKaluch
17%
Hip Hop QueboQueQuality
17%
Drama Z KonposkimSA Wardega
17%
Zwariowane MelodieWB
17%
Shortsyczvjnik
11%
Kruszwil Ale PiosenkiDisco Marek
11%
Cringe MinecraftGplay
11%
60 SecondsKarolek
11%
CiekawostkiPlaneta Faktów
11%
Lubie PlackiTromba
11%
Life Hack5-Minutowe Sztuczki
6%
ŻartyAbstrachujeTV
6%
Typowy....Bracia Malczyńscy
6%
Super Mario...Bros
6%
Cartoon Network Dla 4 LatkówCartoonito
6%
HorrorDizowskyy
6%
Kropka The GameGimper
6%
Ciekawostki O WszystkimJasna Strona
6%
Mniej Popularny DizowskyyJDabrowsky
6%
KaliKaliGanjaMafia
6%
MagicRecordsMagicRecordsPoland
6%
FootballMNXHD
6%
Angielski GamePlayPower Of Gameplay
6%
ProstoProstoTV
6%
PrzepisyPrzepisy Od Olgi
6%
5 Gier Na NudeSitr0x
6%
Lisek ŁakomczuszekŚpiewające Brzdące
6%
Blok EkipaSpinkaFilmStudio
6%
Muzyka Z 3M SubStep Records
6%
Mam Talenttvnpl
6%
Cringe MiniaturkiVito Minecraft
6%
Young Multi &Young Multi & YFL
6%
NIE PRZEZYWAJ CREEPERA Z MINECRAFT O 3 W NOCYDeeJayPallaside
0%
EmojiDevilish Emoji
0%
JuzzyJuzzyGamePlay
0%

Rozkład punktacji

Percentyl według liczby udzielonych odpowiedzi

Procent ludzi z każdym wynikiem

Twoja historia wyników

Nie rozwiązałeś tego quizu